00610nam a2200181Ii 45000010005000000030009000050080041000140400033000550410008000880820016000961100037001122450106001492640080002553000012003353360026003473370028003733380027004017456CO-ViMGA241108s9999||||xx |||||||||||||| ||und|| aCO-ViMGAbspaerdacCO-ViMGA0 aunk04a704.942 I591 aInstituto Colombiano de Cultura,10aPolicarpa 2000:bExposición conmemorativa del bicentenario del nacimiento de Policarpa Salavarrieta 1a[Lugar de publicación no identificado] : Museo Nacional de Colombia, 1996 avolumen atextbtxt2rdacontent aunmediatedbn2rdamedia avolumebnc2rdacarrier